000
00307nam a2200121Ia 4500
008
190802s9999 xx 000 0 und d
020
_a
978-93-86322-40-1
100
_a
Rebecca James
245
0
_a
Self Assessment and Review of Biochemistry
260
_a
USA
_b
Jaypee
_c
2017
300
_a
455:p
942
_c
BK
999
_c
2228
_d
2228